Bharat mein jansankhya sambandhi mudde: Badalti pravritiyan, neetiyan aur karyakrama (Record no. 394149)

MARC details
000 -LEADER
fixed length control field 00615 a2200205 4500
005 - DATE & TIME
control field 20260507103346.0
008 - FIXED-LENGTH DATA ELEMENTS--GENERAL INFORMATION
fixed length control field 260506b |||||||| |||| 00| 0 eng d
020 ## - ISBN
International Standard Book Number 9788126939077
Price Rs. 995.00
040 ## - CATALOGING SOURCE
Original cataloging agency VIVEKANANDA LIBRARY
082 ## - DDC NUMBER
Classification number 301.320954
Book Number S86B
100 ## - MAIN ENTRY--PERSONAL NAME
Personal name Krishnamurte, Srinivashan
245 ## - TITLE STATEMENT
Title Bharat mein jansankhya sambandhi mudde: Badalti pravritiyan, neetiyan aur karyakrama
260 ## - PUBLICATION, DISTRIBUTION, ETC. (IMPRINT)
Name of publisher, distributor, etc Atlantic Publishers and Distributors
Date of publication, distribution, etc 2025
Place of publication, distribution, etc New Delhi
300 ## - PHYSICAL DESCRIPTION
Pages xviii, 308
650 ## - Subject
Subject Sociology
650 ## - Subject
Subject Social Behaviour
650 ## - Subject
Subject Population
650 ## - Subject
Subject Demography - India
942 ## - ADDED ENTRY ELEMENTS (KOHA)
Koha item type Books
Holdings
Withdrawn status Lost status Source of classification or shelving scheme Damaged status Not for loan Location (home branch) Sublocation or collection (holding branch) Shelving location Date acquired Koha issues (times borrowed) Koha full call number Accession No. Koha date last seen Koha item type
    Dewey Decimal Classification     VIVEKANANDA LIBRARY VIVEKANANDA LIBRARY Vivekananda Library 22/01/2026   301.320954 S86B 444438 22/01/2026 Books
© Designed and Maintained by Vivekananda Library, MDU Rohtak